000 00452nam a2200169Ia 4500
005 20250208115230.0
008 240825s9999 xx 000 0 und d
020 _a9789357784665
_qpbk
082 _a344.01
_bTAX
100 _aTaxmann
245 0 _aNew Labour & Industrial Laws with Draft Rules
_cTaxmann
250 _a24th edition
260 _c2024
_aNew Delhi
300 _a752p. ;23cm.
650 _aLabour & Industrial Laws
942 _cENGLISH
999 _c542910
_d542910